00981nam a2200217Ia 4500003000900000008004100009040001600050080002300066100002800089111010200117245022900219260006600448300001300514490002500527650004100552650001900593700002900612942000700641999001500648952010000663IN-BaIIA211028s9999 xx 000 0 eng d cIIA Library a524.68(082.2)bGAS aBregman, Joel N.915625 aWorkshop on Gaseous Halos of GalaxiescGreen Bank,West Virginia, USAd1985 May 30 - June 1915626 0aGaseous halos of galaxiesbproceedings of the workshop on gaseous halos of galaxies, held in Green Bank,West Virginia, USA, 30 May-1 June 1985cJoel N.Bregman and Felix J. Lockman  aWest VirginiabNational Optical Astronomy Observatoriesc1986 ax, 284p. aNRAO workshop no. 12 aAstronomy and astrophysics thesaurus aGalaxies91286 aLockman, Felix J.915627 cBK c9288d9288 00104070aBANbBANcGENd0000-00-00l0o524.68(082.2)/ GASp10195r2021-11-05w0000-00-00yBK